|
|
|
|
| LEADER |
02047nam a2200541 4500 |
| 001 |
ocn892964255 |
| 003 |
OCoLC |
| 005 |
20170124070018.3 |
| 006 |
m o d |
| 007 |
cr ||||||||||| |
| 008 |
140515s2015 njua ob 001 0 eng d |
| 040 |
|
|
|a YDXCP
|b eng
|e rda
|e pn
|c YDXCP
|d OCLCO
|d DG1
|d OCLCQ
|d E7B
|d OCLCQ
|d COO
|d OCLCQ
|d DEBBG
|d GrThAP
|
| 019 |
|
|
|a 893680229
|
| 020 |
|
|
|a 9781118846919
|q (electronic bk.)
|
| 020 |
|
|
|a 1118846915
|q (electronic bk.)
|
| 020 |
|
|
|a 9781118847008
|q (electronic bk.)
|
| 020 |
|
|
|a 1118847008
|q (electronic bk.)
|
| 020 |
|
|
|a 1118071867
|q (cloth)
|
| 020 |
|
|
|a 9781118071861
|q (cloth)
|
| 020 |
|
|
|z 9781118071861
|q (hardcover)
|
| 029 |
1 |
|
|a CHBIS
|b 010442219
|
| 029 |
1 |
|
|a CHVBK
|b 334087767
|
| 029 |
1 |
|
|a NZ1
|b 15910839
|
| 029 |
1 |
|
|a GBVCP
|b 821065920
|
| 029 |
1 |
|
|a DEBBG
|b BV043397202
|
| 035 |
|
|
|a (OCoLC)892964255
|z (OCoLC)893680229
|
| 050 |
|
4 |
|a QD262
|b .M784 2015
|
| 072 |
|
7 |
|a SCI
|x 013050
|2 bisacsh
|
| 082 |
0 |
4 |
|a 541/.395
|2 23
|
| 049 |
|
|
|a MAIN
|
| 245 |
0 |
0 |
|a Multicatalyst system in asymmetric catalysis /
|c [edited by] Jian Zhou.
|
| 264 |
|
1 |
|a Hoboken, New Jersey :
|b Wiley,
|c [2015]
|
| 300 |
|
|
|a 1 online resource (xiv, 697 pages) :
|b illustrations
|
| 336 |
|
|
|a text
|b txt
|2 rdacontent
|
| 337 |
|
|
|a computer
|b c
|2 rdamedia
|
| 338 |
|
|
|a online resource
|b cr
|2 rdacarrier
|
| 504 |
|
|
|a Includes bibliographical references and index.
|
| 588 |
0 |
|
|a Online resource; title from digital title page (viewed on October 14, 2014).
|
| 650 |
|
0 |
|a Asymmetric synthesis.
|
| 650 |
|
0 |
|a Catalysis.
|
| 650 |
|
7 |
|a SCIENCE
|x Chemistry
|x Physical & Theoretical.
|2 bisacsh
|
| 650 |
|
7 |
|a Asymmetric synthesis.
|2 fast
|0 (OCoLC)fst00819861
|
| 650 |
|
7 |
|a Catalysis.
|2 fast
|0 (OCoLC)fst00848867
|
| 655 |
|
4 |
|a Electronic books.
|
| 700 |
1 |
|
|a Zhou, Jian,
|d 1974-
|e editor.
|
| 776 |
0 |
8 |
|i Print version:
|t Multi-catalyst system in asymmetric catalysis.
|d Hoboken, New Jersey : Wiley, [2015]
|z 9781118071861
|w (LCCN) 2014017810
|
| 856 |
4 |
0 |
|u https://doi.org/10.1002/9781118846919
|z Full Text via HEAL-Link
|
| 994 |
|
|
|a 92
|b DG1
|